| 000 | 00000nam##2200000za#4500 |
| 001 | 9.580688 |
| 003 | CaOODSP |
| 005 | 20231208112829 |
| 007 | cr ||||||||||| |
| 008 | 150406|2012||||xxc|||||o f|0| 0 eng|d |
| 040 | |aCaOODSP|beng |
| 043 | |an-cn--- |
| 086 | 1 |aPS83-5/R268E-PDF |
| 110 | 1 |aCorrectional Service Canada. |bResearch Branch. |
| 245 | 10|aFederally sentenced offenders with mental disorders : |h[electronic resource]|bcorrectional outcomes and correctional response / |cPrepared by: Lynn Stewart. |
| 260 | |aOttawa - Ontario : |bCorrectional Service Canada. |cMay 2012. |
| 300 | |a1p. |
| 490 | 1 |aResearch at a glance|vR-268 |
| 590 | |a14-16-Supp|b2014-09-25 |
| 775 | 08|tDélinquants purgeant une peine de ressort fédéral atteints de troubles mentaux : |w(CaOODSP)9.607601 |
| 830 | #0|aResearch at a glance (Correctional Service Canada)|vR-268|w(CaOODSP)9.506649 |
| 856 | 40|ahttp://publications.gc.ca|qPDF|s169 KB|uhttps://publications.gc.ca/collections/collection_2014/scc-csc/PS83-5-R268-eng.pdf|yR-268 |